• 首页
  • 本馆介绍
  • 公告通知
  • 最新文献
  • 馆藏检索
  • 电子资源
  • 读者导购
  • 参考咨询
  • 我的图书馆
  • 登录
  • 详细信息显示
  • 放入我的书架
  • 预约/预借图书
  • 作者相关作品
  • 分类相关作品
  • 丛书相关作品
  • 出版社相关作品

书目信息

  • 表格格式
  • 工作单格式
  • 卡片格式
题名:
太平天国不太平
    
 
作者: 史式 著
分册:  
出版信息: 重庆   重庆出版社  2004
页数: 244,4页
开本: 20cm
丛书名: “史式谈史”丛书
单 册:
中图分类: K254.07
科图分类:
主题词: 太平天国革命--研究 , 农民起义--研究--中国--古代
电子资源:
ISBN: 7-5366-6573-3
000 00882oam2 2200277 45
001 0900000015060
005 20051220172618.84
010    @a7-5366-6573-3@dCNY15.00
092    @aCN
100    @a20041105d2004 ekmy0chiy0120 ea
101 0  @achi
102    @aCN@b500000
105    @ay z 000yy
200 1  @a太平天国不太平@9tai ping tian guo bu tai ping@f史式著@Fshi shi zhu
210    @a重庆@c重庆出版社@d2004
215    @a244,4页@c图版@d20cm
225 2  @a“史式谈史”丛书@v4
330    @a本书内含“农民起义与天下太平”、“从陈胜的故事看农民起义”、“黄巾起义与变天思想”、“王始是个皇帝迷”等十一个专题内容。
461  0 @12001 @a“史式谈史”丛书
606 0  @a太平天国革命@x研究
606 0  @a农民起义@x研究@y中国@z古代
690    @aK254.07@v4
701  0 @a史式@Ashi shi@4著
801  0 @aCN@bCXYBOOK@c20051220
905    @a10447@dK254.07@e32
999    @aLLW@eJDD
    
    太平天国不太平/史式著.-重庆:重庆出版社,2004
    244,4页:图版;20cm.-(“史式谈史”丛书;4 )
    
    
    ISBN 7-5366-6573-3:CNY15.00
    本书内含“农民起义与天下太平”、“从陈胜的故事看农民起义”、“黄巾起义与变天思想”、“王始是个皇帝迷”等十一个专题内容。
●
相关链接 在E读中查询图书 在五车中查询图书 在当当中查询图书 在豆瓣中查询图书


正题名:太平天国不太平     索取号:K254.07/32         预约/预借

序号 登录号 条形码 馆藏地/架位号 状态 备注
1 0372117   203721179   第二样本阅览室/ [索取号:K254.07/32] 在馆    
2 0372118   203721188   第二借阅区/ [索取号:K254.07/32] 在馆    
3 0372119   203721197   第二借阅区/ [索取号:K254.07/32] 在馆    
4 0372120   203721204   第二借阅区/ [索取号:K254.07/32] 在馆    
5 0372121   203721213   第二借阅区/ [索取号:K254.07/32] 在馆    
唐山师范学院图书馆 欢迎您!
大连网信软件有限公司© 版权所有